Chinese Airports - Statistics

General Stats
  • This quiz has been taken 10 times
  • The average score is 9 of 15
Answer Stats
Hint Answer % Correct
Shanghai (Hongqiao) SHA
90%
Guangzhou (Baiyun) CAN
80%
Beijing (Capital) PEK
80%
Shanghai (Pudong) PVG
80%
Chengdu (Shuangliu) CTU
60%
Beijing (Daxing) PKX
60%
Shenyang (Taoxian) SHE
60%
Shenzhen (Bao'an) SZX
60%
Chengdu (Tianfu) TFU
60%
Wuhan (Tianhe) WUH
60%
Chongqing (Jiangbei) CKG
50%
Hangzhou (Xiaoshan) HGH
50%
Kunming (Changshui) KMG
50%
Xi'an (Xianyang) XIY
50%
Fuzhou (Changle) FOC
20%
No matching quizzes found
Score Distribution
Percent of People with Each Score
Percentile by Number Answered
Your Score History
You have not taken this quiz